| 000 | 01236nam a22002535i 4500 | ||
|---|---|---|---|
| 001 | 164002 | ||
| 003 | ES-MaACL | ||
| 005 | 20251003185627.0 | ||
| 008 | 010511s1842 sp |||| | spa d | ||
| 040 |
_aCCPB | B _bspa _cCCPB | B |
||
| 080 | _a821.133.1-23"18" | ||
| 100 | 1 |
_aBalisson de Rougemont, Michel-Nicolas, _d1781-1840 _9149495 |
|
| 245 | 1 | 3 |
_aLa hija de Cromwell _b: drama en un acto / _cescrito en francés por Rougemont ; (traducción de Isidoro Gil). |
| 260 |
_aMadrid : _b[s.n., _c1842?] ( _fImp. de F. Suárez) |
||
| 300 |
_a16 p. ; _c26 cm. |
||
| 490 | 1 |
_aMuseo dramático ó Colección de comedias del teatro estrangero [sic], representadas en los principales de la corte ; _v1 |
|
| 594 | _aTítulo y autor tomado de principio del texto. | ||
| 596 | _aAl inicio del texto consta: "Representado por primera vez en Madrid en el Teatro del Príncipe el día 27 de mayo de 1842" | ||
| 700 | 1 |
_aGil y Baus, Isidoro, _d1814-1866 _956736 |
|
| 830 | 0 | 0 |
_aMuseo dramático ó Colección de comedias del teatro estranjero representadas en los principales teatros de la corte _v1 _9242030 |
| 852 |
_aES-MaACL _jF-7488(6) _z-- Enc. hol. en un vol. faciticio |
||
| 999 |
_c164002 _d164002 |
||